00374pab a2200145 454500008004000000100001800040245004100058260000900099300001400108362001200122650004100134650001900175700001600194773001800210180718b2008 xxu||||| |||| 00| 0 eng d aRaj, J. Felix aSEZs: broken promises in West Bengal c2008 ap.283-90. aJul-Sep aEconomic zones - India - West Bengal aEconomic zones aRoy, Samrat aSocial Action